Eurovision - Nul Points (2000 - 2021) - Statistics

General Stats
  • This quiz has been taken 43 times
  • The average score is 16 of 19
Answer Stats
Year Song Author Country % Correct
GF (Both) 2003 Cry Baby Jemini United Kingdom
100%
GF (Both) 2021 Embers James Newman United Kingdom
100%
GF (Both) 2015 Black Smoke Ann Sophie Germany
92%
GF (Televote) 2019 Sister S!sters Germany
92%
GF (Televote) 2021 I Don't Feel Hate Jendrik Germany
92%
GF (Jury) 2017 Do It For Your Lover Manel Navarro Spain
92%
GF (Televote) 2021 Voy a quedarme Blas Cantó Spain
92%
SF (Televote) 2018 Our Choice Ari Ólafsson Iceland
82%
SF (Jury) 2017 Spirit of the Night Valentina M San Marino
82%
GF (Both) 2015 I Am Yours The Makemakes Austria
79%
GF (Televote) 2017 Running on Air Nathan Trent Austria
79%
SF (Televote) 2019 Limits PÆNDA Austria
79%
GF (Televote) 2021 Birth Of A New Age Jeangu Macrooy Netherlands
79%
SF (Both) 2009 Gypsy.cz Aven Romale Czech Republic
77%
GF (Televote) 2016 I Stand Gabriella G Czech Republic
77%
SF (Televote) 2021 Omaga Benny Cristo Czech Republic
77%
SF (Televote) 2017 Breathlessly Claudia Faniello Malta
74%
GF (Jury) 2019 Home Kobi Marimi Israel
72%
SF (Both) 2004 Celebrate Piero Esteriore Switzerland
59%
No matching quizzes found
Score Distribution
Percent of People with Each Score
Percentile by Number Answered
Your Score History
You have not taken this quiz